00845 2200313 4500001002100000005001500021035002000036007000300056008004100059040001700100100001800117245004500135250001200180300003400192504002400226020002200250041000800272082001000280084001600290090002100306260003400327500003900361650000900400700002600409700004200435850001000477990002200487990002200509INLIS00000000000851320260519114741 a0010-0922001002ta260519 0  aSBPUPADbind0 aEllen Tjandra1 aMengenal Hutan Mangrove /cEllen Tjandra a.-Cet.3 aiv, 60 hlm. :bilus. ;c25 cm aBibliografi, hlm 59 a978-602-97501-3-3 aind a634.9 a634.9 ELL m a634.9 ELL m 15-4 a--Bogor :bPakar Media,c2016 aIndeks, hlm 56 ; Glosarium, hlm 58 4aAlam0 aEditor, Diah Rahmatia0 aPengarang ke-2, Yosua Ronaldo Siagian aPUPAD a23.577/H/DPK/2017 a23.556/H/DPK/2017